[Event "7th Gashimov Memorial-Blitz 2021"]
[Site "Baku"]
[Date "2021.12.22"]
[Round "1"]
[White "Anand, Viswanathan"]
[Black "Mamedov, Rauf"]
[Result "1/2-1/2"]
[WhiteElo "2751"]
[BlackElo "2656"]
[Annotator "TA"]
[PlyCount "110"]
[EventDate "2021.12.17"]
[EventType "tourn"]
[EventCountry "AZE"]
[SourceTitle "playchess.com"]
[Source "ChessBase"]
[SourceQuality "1"]

{[%evp 10,110,10,15,16,0,-10,-2,8,7,16,0,25,20,27,24,35,27,25,0,3,5,58,48,52,
56,62,58,95,55,200,77,97,96,96,98,102,99,100,95,94,99,118,98,97,95,97,91,94,97,
131,130,141,126,143,132,133,127,147,116,108,15,15,15,15,15,24,15,15,13,13,13,
13,13,13,13,13,13,30,13,13,13,13,13,13,13,13,13,13,13,13,13,13,13,13,13,13,13,
13,13,52,52,52]} 1. e4 e5 2. Bc4 Nf6 3. d3 c6 4. Nf3 d5 5. Bb3 Bb4+ 6. c3 Bd6 {
C24: Bishop's Opening: 2...Nf6.} 7. Nbd2 O-O 8. O-O Re8 {The position is equal.
} 9. Re1 {[#]} a5 $146 ({Predecessor:} 9... Nbd7 10. Nf1 h6 11. Ng3 Nf8 12. h3
Ng6 13. Be3 Be6 14. Qc2 Qd7 15. Kh2 a6 {0-1 (34) Dgebuadze,A (2487)-Geirnaert,
S (2419) Charleroi 2014}) 10. d4 Nbd7 (10... a4 {with more complications.} 11.
Bc2 Nbd7 12. exd5 cxd5 13. Nxe5 Nxe5 14. dxe5 Bxe5 15. Nf3 Bg4) 11. exd5 cxd5
12. dxe5 Nxe5 13. Nxe5 Bxe5 14. Nf3 (14. h3 $5 {[%cal Rd2f3]}) 14... Bg4 15.
Bg5 $36 {[%mdl 2048] Black is under pressure.} h6 16. Bxf6 $14 Bxf6 17. Qxd5
Qxd5 18. Bxd5 Red8 19. Rad1 ({But not} 19. Bxb7 $6 Rab8 20. Be4 Rxb2 $15) 19...
Ra6 {[#]} (19... Rac8 $14) 20. h3 ({Stronger than} 20. Bxb7 Rxd1 21. Rxd1 Rb6
$11) (20. Bxf7+ $1 $18 {[%mdl 512]} Kxf7 (20... Kf8 21. Rxd8+) 21. Rxd8 Bxd8
22. Ne5+ Kf8 23. Nxg4) 20... Bh5 21. g4 ({Of course not} 21. Bxb7 $6 Rxd1 22.
Rxd1 Rb6 $11) 21... Rad6 22. c4 Bg6 23. Ne5 Bxe5 24. Rxe5 Kf8 25. Rde1 R6d7 26.
b3 {[%cal Bb2b3,Bb3a4][%mdl 32]} f6 27. Re6 Bf7 28. Rb6 {White is much more
active.} Bxd5 29. cxd5 $16 {[%mdl 4096] Endgame KRR-KRR} Rc8 30. Rb5 a4 31.
bxa4 Rc2 32. a3 Rc3 33. Re3 Rc4 34. Reb3 Rxa4 35. Rxb7 (35. Kg2 $16) 35... Rxb7
$11 36. Rxb7 {aiming for d6.} Rxa3 $16 {KR-KR} 37. Kg2 Rd3 38. Rd7 g5 39. f3
Ke8 40. Rh7 Kf8 41. Rxh6 Kg7 42. Rh5 Rxd5 43. h4 Kg6 44. hxg5 fxg5 45. Rh8 Rd6
46. Kf2 Ra6 47. Rb8 Rc6 48. Ke3 Re6+ 49. Kd4 Ra6 50. Rd8 Ra4+ 51. Ke3 Ra3+ 52.
Ke4 Rb3 53. Rd6+ Kg7 54. Rd3 Rb5 55. Rd5 $1 Rb4+ {Weighted Error Value:
White=0.12 (very precise) /Black=0.15 (very precise)} 1/2-1/2

[Event "7th Gashimov Memorial-Blitz 2021"]
[Site "Baku"]
[Date "2021.12.22"]
[Round "1"]
[White "Karjakin, Sergey"]
[Black "Rapport, Richard"]
[Result "0-1"]
[WhiteElo "2743"]
[BlackElo "2763"]
[Annotator "RC"]
[PlyCount "82"]
[EventDate "2021.12.17"]
[EventType "tourn"]
[EventCountry "AZE"]
[SourceTitle "playchess.com"]
[Source "ChessBase"]
[SourceQuality "1"]
[TimeControl "180+2"]

1. d4 {[%emt 0:00:00]} Nf6 {[%emt 0:00:00]} 2. c4 {[%emt 0:00:00]} g6 {[%emt 0:
00:00]} 3. Nc3 {[%emt 0:00:00]} Bg7 {[%emt 0:00:00]} 4. e4 {[%emt 0:00:00]} d6
{[%emt 0:00:00]} 5. Nf3 {[%emt 0:00:00]} O-O {[%emt 0:00:00]} 6. Be2 {[%emt 0:
00:00]} e5 {[%emt 0:00:00]} 7. O-O {[%emt 0:00:00]} Na6 {[%emt 0:00:00]} 8. Re1
{[%emt 0:00:00]} Qe8 {[%emt 0:00:00]} 9. dxe5 {[%emt 0:00:00]} dxe5 {[%emt 0:
00:00]} 10. a3 {[%emt 0:00:00]} Bg4 {[%emt 0:00:00]} 11. b4 {[%emt 0:00:00]}
Rd8 {[%emt 0:00:00]} 12. Qc2 {[%emt 0:00:00]} Nb8 {[%emt 0:00:00]} 13. b5 {
[%emt 0:00:00]} Nh5 {[%emt 0:00:15]} 14. Bg5 {[%emt 0:00:00]} Rc8 {[%emt 0:00:
23]} 15. Be3 {[%emt 0:00:13]} Nd7 {[%emt 0:00:12]} 16. h3 {[%emt 0:00:27]} Be6
{[%emt 0:00:16]} 17. Rad1 {[%emt 0:00:21]} Nf4 {[%emt 0:00:12]} 18. Bf1 {
[%emt 0:00:01]} c6 {[%emt 0:00:04]} 19. Qa4 {[%emt 0:00:16]} Nb6 {[%emt 0:00:
38]} 20. Qxa7 {[%emt 0:00:49]} Nxc4 {[%emt 0:00:00]} 21. Bc5 {[%emt 0:00:01]}
cxb5 {[%emt 0:00:56]} 22. Bxf8 {[%emt 0:00:05]} Bxf8 {[%emt 0:00:00]} 23. Nd5 {
[%emt 0:00:14]} Bxd5 {[%emt 0:00:21]} 24. exd5 {[%emt 0:00:00]} Bc5 {[%emt 0:
00:04]} 25. Qxb7 {[%emt 0:00:00]} Nd6 {[%emt 0:00:00]} 26. Qa6 {[%emt 0:00:04]}
e4 {[%emt 0:00:06]} 27. Nd4 {[%emt 0:00:12]} Qe5 {[%emt 0:00:00]} 28. Nb3 {
[%emt 0:00:50]} Nxh3+ {[%emt 0:00:08]} 29. gxh3 {[%emt 0:00:01]} Qg3+ {[%emt 0:
00:00]} 30. Kh1 {[%emt 0:00:03]} Bxf2 {[%emt 0:00:04]} 31. Bg2 {[%emt 0:00:00]}
Bxe1 {[%emt 0:00:03]} 32. Nd4 {[%emt 0:00:01]} Bc3 {[%emt 0:00:08]} 33. Ne2 {
[%emt 0:00:06]} Qe5 {[%emt 0:00:12]} 34. Rc1 {[%emt 0:00:00]} e3 {[%emt 0:00:
00]} 35. Bf3 {[%emt 0:00:08]} Kg7 {[%emt 0:00:05]} 36. Rxc3 {[%emt 0:00:00]}
Rxc3 {[%emt 0:00:01]} 37. Nxc3 {[%emt 0:00:00]} Qxc3 {[%emt 0:00:02]} 38. Qxd6
{[%emt 0:00:01]} Qe1+ {[%emt 0:00:01]} 39. Kh2 {[%emt 0:00:00]} Qf2+ {[%emt 0:
00:01]} 40. Bg2 {[%emt 0:00:00]} e2 {[%emt 0:00:00]} 41. Qe5+ {[%emt 0:00:01]}
Kh6 {[%emt 0:00:05]} 0-1

[Event "7th Gashimov Memorial-Blitz 2021"]
[Site "Baku"]
[Date "2021.12.22"]
[Round "1"]
[White "Navara, David"]
[Black "Mamedyarov, Shakhriyar"]
[Result "1/2-1/2"]
[WhiteElo "2697"]
[BlackElo "2767"]
[Annotator "TA"]
[PlyCount "95"]
[EventDate "2021.12.17"]
[EventType "tourn"]
[EventCountry "AZE"]
[SourceTitle "playchess.com"]
[Source "ChessBase"]
[SourceQuality "1"]

{[%evp 13,95,18,20,7,45,28,39,33,44,12,47,54,57,61,131,117,117,122,120,119,110,
51,151,154,154,41,69,48,74,58,44,50,56,54,60,14,73,0,0,0,0,0,0,0,0,0,0,0,0,0,0,
0,0,0,0,0,0,0,0,0,0,0,0,0,0,0,0,0,0,0,0,0,0,0,0,0,0,0,0,0,0,0,0,-28000]} 1. d4
Nf6 2. c4 g6 3. Nc3 d5 4. cxd5 Nxd5 5. e4 Nxc3 6. bxc3 Bg7 7. Be3 {7.Nf3 is
setting a new trend.} O-O {[%cal Oc7c5]} 8. Rc1 {[#] D85: Exchange Grünfeld:
Unusual White 7th moves and lines with 7 Nf3.} Nd7 $146 {[%cal Oc7c5]} (8... c5
$5) ({Predecessor:} 8... c5 9. Nf3 Qc7 10. Be2 Rd8 11. h4 Bg4 12. Qb3 Bxf3 13.
Bxf3 Nc6 14. d5 Ne5 15. Be2 c4 16. Qc2 e6 17. dxe6 fxe6 {1-0 (37) Nguyen,A 
(2520)-Karttunen,M (2480) Chess.com INT 2021}) 9. Bc4 e5 10. Nf3 {White is
slightly better.} Qe7 11. Bg5 Qd6 {[%cal Ob7b5]} 12. O-O b6 13. Qc2 c5 (13...
h6 $14 14. Bh4 Bb7) 14. Bd5 Rb8 15. dxe5 {White is much more active. Black has
bad knights.} Nxe5 16. Nxe5 Bxe5 {[#]} 17. f4 (17. Rcd1 $1 $16 {Black must now
prevent f4.} Be6 18. f4) 17... Bg7 (17... Bf6 $1 $14) 18. Rcd1 $16 {[%cal
Od5f7] And now Bxf7+! would win.} Be6 {[#]} 19. e5 Qc7 20. c4 Rbe8 21. Bh4 f6
22. exf6 Bxf6 23. Bxf6 Rxf6 24. Rde1 (24. Rfe1 $1 $14) 24... Qd7 (24... Kf8 $1
$11 {keeps the balance.}) 25. Rxe6 (25. Qe4 $16) 25... Rexe6 $11 {The position
is equal.} 26. f5 gxf5 27. Rxf5 Kg7 28. Bxe6 Rxe6 {[%mdl 4096] Endgame KQR-KQR}
29. Qc3+ Qd4+ 30. Qxd4+ cxd4 {KR-KR} 31. Rd5 Re2 32. a3 Ra2 33. Rxd4 {Rd7+ is
the strong threat.} Rxa3 34. Rd7+ Kg6 35. Rb7 h5 36. Kf2 Ra4 37. Kf3 Kf5 38.
Rf7+ Ke5 39. Rh7 Rxc4 40. Rxh5+ Kf6 41. Rh7 Ra4 42. Rb7 Ra3+ 43. Kf4 Ra4+ 44.
Kf3 Ra3+ 45. Kg4 Ra4+ 46. Kh5 $2 {[%mdl 8192]} (46. Kf3 $11) 46... Ra2 47. h4
Rxg2 48. Rxa7 {[%mdl 32768] Never resign too early!  Weighted Error Value:
White=0.13 (very precise) /Black=0.11 (very precise) . An unexpected result.}
1/2-1/2

[Event "7th Gashimov Memorial-Blitz 2021"]
[Site "Baku"]
[Date "2021.12.22"]
[Round "2"]
[White "Mamedyarov, Shakhriyar"]
[Black "Asadli, Vugar"]
[Result "1-0"]
[WhiteElo "2767"]
[BlackElo "2579"]
[Annotator "TA"]
[PlyCount "65"]
[EventDate "2021.12.17"]
[EventType "tourn"]
[EventCountry "AZE"]
[SourceTitle "playchess.com"]
[Source "ChessBase"]
[SourceQuality "1"]

{[%evp 11,65,12,14,15,29,29,17,17,15,10,29,24,22,23,10,14,15,10,27,6,18,16,19,
21,10,-112,-103,-155,68,75,85,93,84,70,83,92,109,94,126,133,170,129,154,129,
197,186,200,133,262,87,327,199,350,343,328,300]} 1. d4 d5 2. c4 e6 3. Nc3 Nf6
4. cxd5 exd5 5. Bg5 c6 6. Qc2 h6 7. Bh4 {D36: Queen's Gambit Declined:
Exchange Variation: Main line (5 Bg5 c6 6 Qc2).} g6 8. e3 Bf5 9. Bd3 {The
position is equal.} Bxd3 10. Qxd3 Nbd7 11. Nge2 Bg7 12. f3 O-O 13. O-O Re8 14.
Rae1 {[#]} b5 $146 {[%cal Bb7b5,Bb5b4][%mdl 32]} ({Predecessor:} 14... Rc8 15.
Bf2 Nf8 16. Nf4 Ne6 17. Nxe6 Rxe6 18. h3 Nh5 19. g4 Nf6 20. Kg2 Qd7 {½-½ (32)
Yu,Y (2709)-Grischuk,A (2777) chess24.com INT 2020}) 15. Kh1 b4 16. Na4 Qa5 17.
b3 c5 18. Bxf6 (18. Nxc5 $11 Nxc5 19. dxc5) 18... c4 $1 $17 19. bxc4 dxc4 $2 (
19... Bxf6 $17 20. Nb2 Qxa2) 20. Qxc4 $14 {aiming for Bxg7.} Nxf6 {[#]} 21. Qb3
Nd5 22. e4 Nb6 23. Nxb6 axb6 24. e5 Bf8 25. Nc1 Qb5 26. Rf2 (26. f4 $18) 26...
Ra3 27. Qb1 h5 (27... Rc3 $16 {was necessary.} 28. Qe4 Rd8) 28. Nb3 $18 Qd5 29.
h3 Bh6 (29... Rc8 $16 {was worth a try.} 30. Rc2 Raa8) 30. Qe4 $2 {[#]} (30. f4
$18) 30... Qc4 $2 (30... Qxe4 $16 {keeps fighting.} 31. fxe4 Rc8) 31. d5 b5 (
31... Qxe4 {might work better.} 32. Rxe4 f5 33. exf6 (33. Rxb4 Rxe5 34. f4 Re1+
35. Kh2 Re4 $11) 33... Kf7) 32. Rc2 Qxe4 33. Rxe4 {Weighted Error Value:
White=0.29 (precise) /Black=0.43} ({Weaker is} 33. fxe4 Bf4 $16) 1-0

[Event "7th Gashimov Memorial-Blitz 2021"]
[Site "Baku"]
[Date "2021.12.22"]
[Round "2"]
[White "Rapport, Richard"]
[Black "Anand, Viswanathan"]
[Result "1-0"]
[WhiteElo "2763"]
[BlackElo "2751"]
[Annotator "TA"]
[PlyCount "204"]
[EventDate "2021.12.17"]
[EventType "tourn"]
[EventCountry "AZE"]
[SourceTitle "playchess.com"]
[Source "ChessBase"]
[SourceQuality "1"]

{[%evp 9,204,22,17,34,33,10,15,12,21,10,30,18,41,18,48,27,29,27,60,56,63,63,69,
59,64,48,78,54,52,20,35,30,18,-7,-11,0,0,-6,-15,0,0,-11,0,0,-5,-31,-17,-22,-15,
-15,-23,-61,-59,-168,-166,-170,-177,-170,127,121,743,229,227,245,227,237,306,
300,451,451,451,451,451,345,451,389,556,545,548,371,368,372,385,347,386,377,
370,357,437,413,535,514,476,434,435,417,435,409,411,403,387,0,447,440,405,355,
431,160,445,445,429,420,454,425,565,556,756,741,839,751,722,675,650,568,498,0,
660,0,512,0,650,650,649,641,622,605,595,623,512,179,179,179,179,179,179,179,
179,179,179,170,179,179,179,179,179,179,179,179,179,179,179,179,179,179,179,
179,179,179,179,179,179,179,179,179,12518,12510,12510,12450,12439,12454,12431,
12439,12431,12431,12417,12417,12377,12359,12159,169,11661,169,169,169,11780,
11434,943]} 1. e4 e5 2. Nf3 Nc6 3. g3 Nf6 4. d3 Be7 5. Bg2 O-O 6. O-O {C44:
Ponziani Opening and Scotch Gambit.} d6 7. h3 Re8 8. c4 {[#] The position is
equal.} h6 $146 ({Predecessor:} 8... Nd7 9. Be3 Nf8 10. a3 a5 11. Nc3 Ne6 12.
Nd5 Bf8 13. Qd2 Ncd4 14. Bxd4 Nxd4 15. Nxd4 exd4 {½-½ (31) Collins,P (1964)
-MacRae,J (1670) Bournemouth 2016}) 9. Nc3 Nh7 10. Nd5 Be6 11. Be3 Bf8 12. Kh2
Ne7 13. d4 Ng6 14. b3 c6 15. Nc3 {White is more active.} Nf6 16. Qc2 Bd7 17.
Rad1 Qa5 18. Qd2 (18. c5 {is more complex.} exd4 19. Bxd4 Rad8 20. cxd6 Qh5 21.
Bxf6 gxf6 22. Ng1) 18... Qc7 19. Rfe1 b5 20. cxb5 cxb5 21. dxe5 dxe5 22. Nd5 {
Prevents Bb4.} Nxd5 23. Qxd5 Rad8 24. Qd3 Qb7 25. Qb1 Bc6 26. Rxd8 Rxd8 27. Bd2
Bc5 28. Ba5 Rc8 29. Qc2 Bd7 {[%cal Oc5b4]} 30. Qb2 b4 31. Nxe5 (31. Qd2 $15)
31... Nxe5 $19 32. Qxe5 Bxf2 33. Re2 Rc5 $2 {[#]} 34. Qe7 $1 $16 {Black is on
the road to losing.} Rxa5 $4 {[%mdl 8192]} (34... Bxg3+ $16 35. Kxg3 Qb8+ 36.
e5 Rxa5) 35. Qd8+ $2 (35. Rxf2 Qc8 36. Rxf7) 35... Kh7 $18 36. Qxa5 (36. Rxf2
Qb6 37. Qxb6 axb6 $16) 36... Bb6 37. Qd5 Bc6 38. Qf5+ g6 (38... Kg8 $142 39. e5
Bxg2) 39. Qf6 Qd7 40. e5 Bxg2 41. Rxg2 {[%mdl 4096] Endgame KQR-KQB} Qd5 42. e6
fxe6 (42... Qxe6 $142 43. Qxe6 fxe6) 43. Qf7+ Kh8 44. Qf8+ Kh7 45. Qe7+ ({
Don't take} 45. Qf7+ Kh8 46. Qxg6 Be3) 45... Kg8 46. Qxb4 h5 47. Qc4 Qd6 48. h4
Kh7 49. Qf4 e5 50. Qf7+ Kh6 51. Qg8 {[%cal Rg8h8]} Qf6 {Prevents Qh8+.} 52. Qc4
Bd4 53. Qc1+ Kh7 54. Qc7+ Kh6 55. Qc1+ Kh7 56. Rc2 {aiming for Rc7+.} Bb6 {
Inhibits Rc7+.} 57. Qd1 e4 58. Rg2 $2 (58. Qd7+ $18 Kh6 59. Qe8) 58... e3 $2 (
58... Bf2 $16 {was necessary.} 59. Qd7+ Kh6) 59. Qd7+ Kh6 60. Qe8 {Prevents
Qe5.} Bd4 61. Qe4 Kh7 62. b4 Bb6 63. a4 {[%cal Ba2a4,Ba4a5][%mdl 32]} Qc3 64.
Qe7+ Kh6 65. a5 Bd4 66. Qg5+ (66. g4 Be5+ 67. Kh1 Qc1+ 68. Rg1 Qc6+ 69. Rg2
Qc1+ 70. Rg1 Qc6+ 71. Rg2 Qc1+ $11) 66... Kh7 67. Qe7+ Kh6 $1 68. Qg5+ ({
Worse is} 68. g4 Be5+ 69. Kh1 Qc1+ 70. Rg1 Qc6+ 71. Rg2 Qc1+ 72. Rg1 Qc6+ 73.
Rg2 Qc1+ $11) 68... Kh7 69. Qe7+ Kh6 $1 70. Qf8+ ({Stronger than} 70. g4 Be5+
71. Kh1 Qc1+ 72. Rg1 Qc6+ 73. Rg2 Qc1+ 74. Rg1 Qc6+ 75. Rg2 Qc1+ $11) 70... Kh7
71. Qf7+ Bg7 72. Qxa7 Qxb4 73. a6 {Black must now prevent Qb7.} Qc4 74. Qxe3 $2
(74. Qb7 {a7 would kill now.} e2 75. Rg1) 74... Qxa6 75. Qe4 Qf6 76. Rc2 Qe5
77. Qxe5 Bxe5 {KR-KB} 78. Kg2 Kg7 79. Kf3 Bf6 80. Kf4 Kg8 81. Rc6 Kg7 82. Ke4
Kf7 83. Kd5 Kg7 84. Ke6 {White threatens Rc7+ and mate.} Bd4 85. Rc7+ Kg8 86.
Rc2 Kg7 {[#]} 87. Rd2 $1 Bc3 88. Rd3 Bb2 89. Rd7+ Kg8 90. Rd2 Bc3 91. Rg2 Ba1
$2 (91... Kg7 92. Rg1 Bd4) 92. g4 hxg4 93. Rxg4 Kh7 94. Kf7 Kh6 95. Rxg6+ Kh5
96. Rg1 Bd4 97. Rh1 Bc3 98. Ke6 Ba5 99. Kf5 $2 (99. Rh3 {And now Rh2 would win.
} Bb6 100. Rh1) 99... Bd8 $2 (99... Bd2 100. Rh2 Be1) 100. Rd1 $2 (100. Kf4 {
Strongly threatening Rc1.} Ba5 101. Kf3) 100... Bb6 101. Rb1 Bf2 $2 (101... Be3
) 102. Kf4 Bd4 {Weighted Error Value: White=0.36/Black=0.36} 1-0

[Event "7th Gashimov Memorial-Blitz 2021"]
[Site "Baku"]
[Date "2021.12.22"]
[Round "2"]
[White "Navara, David"]
[Black "Karjakin, Sergey"]
[Result "0-1"]
[WhiteElo "2697"]
[BlackElo "2743"]
[Annotator "TA"]
[PlyCount "192"]
[EventDate "2021.12.17"]
[EventType "tourn"]
[EventCountry "AZE"]
[SourceTitle "playchess.com"]
[Source "ChessBase"]
[SourceQuality "1"]

{[%evp 9,192,7,8,8,8,8,23,25,20,20,21,9,16,11,21,0,0,0,0,0,0,0,-7,0,-10,0,0,0,
0,0,0,0,2,0,0,0,0,0,0,-20,-4,-30,0,0,0,-54,-53,-66,-65,-65,-56,-70,-67,-56,-50,
-118,-118,-118,-114,-107,-20,-66,-19,-19,-19,-19,-19,-19,-19,-66,-66,-66,-66,
-66,-66,-66,-66,-66,-66,-66,-66,-66,-19,-19,-19,-19,-19,-32,-32,-32,-32,-32,
-32,-32,-19,-19,-19,-66,-66,-66,-66,-66,-32,-66,-22,-66,-8,-66,-5,-5,-5,-23,
-31,-81,-81,-81,-81,-81,-81,-695,-680,-625,-548,-486,-486,-11283,-10822,-10121,
-9915,-9138,-9138,-8406,-6096,-29960,-29960,-29963,-29964,-29964,-29964,-29965,
-29966,-29965,-29965,-29965,-29966,-29967,-29968,-29967,-29965,-29963,-29964,
-29963,-29962,-29975,-29976,-29976,-29973,-29975,-29976,-29980,-29976,-29976,
-29974,-29974,-29975,-29975,-29976,-29974,-29975,-29976,-29977,-29977,-29977,
-29977,-29978,-29979,-29980,-29980,-29981,-29981,-29982,-29986,-29983,-29983,
-29984]} 1. Nf3 c5 2. e4 d6 3. Bb5+ Nd7 {[%cal Bb8d7,Bd7c5,Bc5d3][%mdl 32]} 4.
d4 cxd4 5. Nxd4 Ngf6 6. O-O {B51: Sicilian: Moscow Variation (3 Bb5+) without
3...Bd7.} a6 7. Bd3 Nc5 $1 {[%mdl 4] 7...Nc5 is the recent fashion.} 8. Nc3 {
White has an edge.} g6 9. Nb3 Nxd3 10. cxd3 Bg7 11. a4 {[#]} O-O $146 ({
Predecessor:} 11... Bg4 12. f3 Qb6+ 13. d4 Be6 14. Ra3 O-O 15. Be3 Rab8 16. Re1
Bxb3 17. Rxb3 Qa5 {½-½ (32) Tari,A (2625)-Duda,J (2743) Wijk aan Zee 2021})
12. f3 Qb6+ 13. d4 Be6 14. Ra3 {[%cal Ba1a3,Ba3b3,Bb3b7][%mdl 32]} Rfc8 15. a5
Bxb3 16. Rxb3 Qxa5 17. Rxb7 Rcb8 18. Qb3 (18. Rxe7 $2 Qd8 19. Rxf7 Kxf7 $19)
18... Qd8 19. Be3 Qc8 20. Rxb8 Rxb8 21. Qa2 Ne8 {[%cal Bf6e8,Be8c7,Bc7e6][%mdl
32]} 22. Ra1 Nc7 23. Qc4 {Prevents Rb4.} Qb7 (23... Rxb2 $2 24. Nd5 Qb8 25.
Nxc7 $18) 24. h4 h5 25. Kh2 Rc8 26. Ra4 Bf6 27. Bg5 (27. Rb4 $11 Nb5 28. Qb3)
27... Ne6 $15 ({Don't take} 27... Qxb2 28. Bxf6 Qb8 29. Bxe7 $16) 28. Qxa6 Qxa6
29. Rxa6 Nxg5 ({Don't play} 29... Bxg5 30. hxg5 Nxd4 31. Nd5 $11) 30. hxg5 Bxg5
{[%mdl 4096] Endgame KRB-KRN} 31. Nd5 e6 {[%cal Be7e6,Be6d5,Bd5e4][%mdl 32]}
32. f4 exd5 $17 33. fxg5 dxe4 34. Rxd6 {KR-KR} Rb8 (34... e3 $17 {( -> ...e2)}
35. Ra6 e2) 35. Kg3 (35. Rd5 $1 $11) 35... Rxb2 (35... e3 $15 36. Rd5 Rxb2) 36.
Rd8+ $1 $11 Kg7 37. Re8 Re2 38. d5 Rd2 39. Re5 (39. Rxe4 $11 Rxd5 40. Kh4)
39... Kf8 $15 {Black is more active.} 40. Rxe4 Rxd5 41. Kh4 Rd1 $1 42. Re5 Rd6
43. Re4 Re6 $1 44. Ra4 Re1 $1 45. Ra8+ Ke7 (45... Kg7 $1 $15) 46. Ra7+ $11 Ke6
47. Ra6+ Ke5 48. Rf6 Re4+ 49. Kg3 Rg4+ 50. Kh3 Rf4 51. Ra6 Rf1 52. Kg3 Ke4 53.
Ra4+ (53. Ra7 $11 {was preferrable.}) 53... Kf5 $15 54. Ra5+ Ke6 $1 55. Ra6+
Kd5 56. Ra5+ Kc6 (56... Kd6 $1 $15) 57. Ra6+ (57. Kh2 $1 $11 {feels stronger.})
57... Kc5 (57... Kd7 $15) 58. Ra5+ ({Better is} 58. Ra7 $11) 58... Kb6 ({
Black should play} 58... Kd6 $1 $15) 59. Rd5 $11 Kc7 60. Kh3 Rf4 61. g3 (61.
Rd1 $15) 61... Rg4 $17 62. Kg2 Kc6 63. Ra5 Kd6 64. Kf3 $2 {[%mdl 8192] This
costs White the game.} (64. Kh3 $17) 64... Rd4 $1 $19 {White must now prevent .
..Rd5.} 65. Ra6+ Ke7 {Strongly threatening ...Rd5.} 66. Ra7+ {[#]} Ke6 $1 67.
Ra6+ (67. g4 $142 Rxg4 68. Ra6+ Ke7 69. Ra7+ Ke6 70. Ra6+ Ke7 71. Ra7+ Ke8 72.
Ra5) 67... Rd6 68. Ra7 Rd5 69. Ra6+ Ke7 70. Ra7+ {[#]} Kf8 $1 71. g4 Rxg5 {
Black mates.} ({Weaker is} 71... h4 72. Ra2 $17) 72. gxh5 Rxh5 73. Kg4 Re5 74.
Kf4 Re7 75. Ra6 Kg7 76. Kg5 Rc7 77. Rd6 f6+ 78. Kf4 Rc4+ 79. Kf3 g5 {[%cal
Bg6g5,Bg5g4][%mdl 32]} 80. Kg3 Kg6 81. Rd8 Rc3+ 82. Kg2 g4 83. Rd5 f5 84. Ra5
Kg5 85. Rb5 Rd3 86. Rc5 Kf4 87. Rc4+ Ke5 88. Rc5+ Ke4 89. Rc4+ Rd4 90. Rc8 Kf4
91. Rc2 Rd5 92. Rc4+ Kg5 93. Rc2 f4 94. Ra2 Kh4 95. Kh2 g3+ 96. Kg2 Kg4 {
Weighted Error Value: White=0.12 (very precise) /Black=0.10 (very precise)} 0-1

[Event "7th Gashimov Memorial-Blitz 2021"]
[Site "Baku"]
[Date "2021.12.22"]
[Round "2"]
[White "Mamedov, Rauf"]
[Black "Caruana, Fabiano"]
[Result "0-1"]
[WhiteElo "2656"]
[BlackElo "2792"]
[Annotator "TA"]
[PlyCount "88"]
[EventDate "2021.12.17"]
[EventType "tourn"]
[EventCountry "AZE"]
[SourceTitle "playchess.com"]
[Source "ChessBase"]
[SourceQuality "1"]

{[%evp 10,88,9,6,5,-14,-9,-17,-27,-14,-22,-24,0,0,-12,-14,9,0,-3,-79,-65,-70,
-52,-54,-59,-126,-83,-115,-112,-124,-110,-157,-104,-112,-107,-125,-99,-156,
-154,-159,-21,-27,-18,-19,-22,-31,-35,-100,-74,-105,-93,-89,-97,-150,-135,-140,
-115,-121,-113,-262,-243,-242,-236,-394,-394,-432,-443,-529,-512,-481,-399,
-421,-418,-593,-591,-575,-560,-1479,-1458,-29991,-29992]} 1. e4 c5 2. Nc3 Nc6
3. g3 g6 4. Bg2 Bg7 5. d3 d6 6. Nf3 e5 {B25: Closed Sicilian: 3 g3, lines
without early Be3.} 7. a3 Nge7 8. b4 {[#]} O-O $146 {The position is equal.} ({
Predecessor:} 8... Nd4 9. Nd2 Be6 10. O-O Rc8 11. Bb2 O-O 12. Nd5 cxb4 13. Bxd4
exd4 14. axb4 a6 {1-0 (47) Mamedov,R (2645)-Sebenik,M (2519) Batumi 2019}) 9.
Rb1 b6 10. O-O h6 11. Nd5 Nxd5 12. exd5 Ne7 13. bxc5 Nxd5 {...Nc3 is the
strong threat.} 14. Bd2 {Prevents Nc3.} (14. Bb2 $11 {keeps the balance.})
14... dxc5 $17 15. Re1 $1 Re8 (15... Bg4 16. h3 Bxf3 17. Qxf3 $11) 16. Qc1 Kh7
17. h4 (17. c4 $15 Nc7 18. Bc3) 17... Bg4 (17... Bf5 $142 18. h5 g5) 18. Nh2
Bf5 19. Qd1 Rc8 20. h5 ({Better is} 20. Nf1) 20... g5 (20... c4 $142 21. Be4
cxd3 22. cxd3 Nf6 23. hxg6+ fxg6 24. Bxf5 gxf5) 21. a4 Qd7 22. a5 b5 {Black is
much more active.} 23. c4 (23. g4 $142 Be6 24. c4 bxc4 25. dxc4) 23... Nc7 24.
Be3 bxc4 (24... Bxd3 $2 25. Be4+ $1 {[%mdl 512]} Kh8 26. Bxd3 $18) (24... Red8
$17 25. Bxc5 bxc4 26. dxc4 Ne8) 25. dxc4 $11 Qxd1 26. Rbxd1 Bf8 27. g4 Be6 28.
Rc1 (28. Bc6 $15) 28... Rb8 29. Be4+ {[#]} Kg7 $1 30. f3 Rb4 31. Bd3 ({White
should play} 31. Nf1) 31... Rd8 $17 32. Be2 Ne8 {[%cal Bc7e8,Be8f6,Bf6g4,Bg4e5,
Be5c4,Bc4e3][%mdl 32]} 33. Nf1 e4 34. Ng3 {Now White is beyond hope.} (34. Bd2
$17 {might work better.}) 34... exf3 $19 35. Bxf3 Nf6 ({Stronger than} 35...
Rxc4 36. Rxc4 Bxc4 37. Ne4 $17) ({And not} 35... Bxc4 36. Nf5+ Kh7 37. Rb1 $17)
36. a6 $2 (36. Red1 {was worth a try.} Rxd1+ 37. Bxd1) 36... Nxg4 37. Nf1 Ne5
38. Bg2 Nxc4 39. Bf2 Bd6 40. Ng3 Bf4 41. Rcd1 (41. Ra1 $142) 41... Rxd1 42.
Rxd1 Ne3 43. Rd8 Rb1+ 44. Kh2 Ng4+ {Weighted Error Value: White=0.54/Black=0.
15 (very precise)} 0-1